Online katalóg knižníc regiónu Turca

Moja duša zostala v Osvienčime (Record no. 23007)

MARC details
000 -LEADER
fixed length control field 02761cam a2200817 4500
001 - CONTROL NUMBER
control field 23007
003 - CONTROL NUMBER IDENTIFIER
control field SK-KTurca
005 - DATE AND TIME OF LATEST TRANSACTION
control field 20260514145435.0
008 - FIXED-LENGTH DATA ELEMENTS--GENERAL INFORMATION
fixed length control field 240229s2023 xo g h 010 fdslo
015 ## - NATIONAL BIBLIOGRAPHY NUMBER
National bibliography number SNBA2024/10
020 ## - INTERNATIONAL STANDARD BOOK NUMBER
International Standard Book Number 9788081643507
Qualifying information (viazané)
040 ## - CATALOGING SOURCE
Original cataloging agency SVKPO
Language of cataloging slo
Transcribing agency SVKPO
Modifying agency SNK
Description conventions rda
041 1# - LANGUAGE CODE
Language code of text/sound track or separate title slo
Language code of original eng
043 ## - GEOGRAPHIC AREA CODE
Geographic area code e-pl---
-- e-xo---
044 ## - COUNTRY OF PUBLISHING/PRODUCING ENTITY CODE
MARC country code xo
ISO country code SK
072 #7 - SUBJECT CATEGORY CODE
Subject category code 821.111(73)-3
Subject category code subdivision Americká próza
Source konspekt
072 #7 - SUBJECT CATEGORY CODE
Subject category code 929
Subject category code subdivision Biografie
Source konspekt
080 ## - UNIVERSAL DECIMAL CLASSIFICATION NUMBER
Universal Decimal Classification number (=411.16)-055.2
Edition identifier 2011
080 ## - UNIVERSAL DECIMAL CLASSIFICATION NUMBER
Universal Decimal Classification number 329.17-051
Edition identifier 2011
080 ## - UNIVERSAL DECIMAL CLASSIFICATION NUMBER
Universal Decimal Classification number 323.12"1939/1945"
Edition identifier 2011
080 ## - UNIVERSAL DECIMAL CLASSIFICATION NUMBER
Universal Decimal Classification number 343.819.5
Edition identifier 2011
080 ## - UNIVERSAL DECIMAL CLASSIFICATION NUMBER
Universal Decimal Classification number 94(100)"1939/1945"
Edition identifier 2011
080 ## - UNIVERSAL DECIMAL CLASSIFICATION NUMBER
Universal Decimal Classification number 355.48(100)"1939/1945"
Edition identifier 2011
080 ## - UNIVERSAL DECIMAL CLASSIFICATION NUMBER
Universal Decimal Classification number (438)
Edition identifier 2011
080 ## - UNIVERSAL DECIMAL CLASSIFICATION NUMBER
Universal Decimal Classification number (437.6)
Edition identifier 2011
080 ## - UNIVERSAL DECIMAL CLASSIFICATION NUMBER
Universal Decimal Classification number 821.111(73)-31
Edition identifier 2011
080 ## - UNIVERSAL DECIMAL CLASSIFICATION NUMBER
Universal Decimal Classification number 821-311.6
Edition identifier 2011
080 ## - UNIVERSAL DECIMAL CLASSIFICATION NUMBER
Universal Decimal Classification number 821-312.6
Edition identifier 2011
100 1# - MAIN ENTRY--PERSONAL NAME
Personal name Midwood, Ellie
Relationship aut
240 14 - UNIFORM TITLE
Uniform title The girl in the striped dress
Language of a work Slovensky
245 10 - TITLE STATEMENT
Title Moja duša zostala v Osvienčime
Statement of responsibility, etc. Ellie Midwood ; preložila: Barbora Andrezálová
246 1# - VARYING FORM OF TITLE
Display text Obálkový podnázov:
Title proper/short title Odvážila sa zamilovať. Odmietla sa vzdať nádeje
250 ## - EDITION STATEMENT
Edition statement Vydanie prvé
264 #1 - PRODUCTION, PUBLICATION, DISTRIBUTION, MANUFACTURE, AND COPYRIGHT NOTICE
Place of production, publication, distribution, manufacture [Bratislava]
Name of producer, publisher, distributor, manufacturer Vydavateľstvo Motýľ, s.r.o.
Date of production, publication, distribution, manufacture, or copyright notice 2023
300 ## - PHYSICAL DESCRIPTION
Extent 343 strán
Dimensions 21 cm
336 ## - CONTENT TYPE
Content type term text
Content type code txt
Source rdacontent
337 ## - MEDIA TYPE
Media type term bez média
Media type code n
Source rdamedia
338 ## - CARRIER TYPE
Carrier type term zväzok
Carrier type code nc
Source rdacarrier
500 ## - GENERAL NOTE
General note Preložené z angličtiny
500 ## - GENERAL NOTE
General note Miesto vydania podľa NA ISBN
600 17 - SUBJECT ADDED ENTRY--PERSONAL NAME
Personal name Citrónová, Helena,
Dates associated with a name 1920-2005
Source of heading or term SNKMA
600 17 - SUBJECT ADDED ENTRY--PERSONAL NAME
Personal name Wunsch, Franz,
Dates associated with a name 1922-2009
Source of heading or term SNKMA
610 17 - SUBJECT ADDED ENTRY--CORPORATE NAME
Corporate name or jurisdiction name as entry element Osvienčim (koncentračný tábor)
Source of heading or term SNKKA
648 #7 - SUBJECT ADDED ENTRY--CHRONOLOGICAL TERM
Chronological term 20. storočie
Source of heading or term SNKPH
648 #7 - SUBJECT ADDED ENTRY--CHRONOLOGICAL TERM
Chronological term 1939-1945
Source of heading or term SNKPH
648 #7 - SUBJECT ADDED ENTRY--CHRONOLOGICAL TERM
Chronological term 1942-1947
Source of heading or term SNKPH
648 #7 - SUBJECT ADDED ENTRY--CHRONOLOGICAL TERM
Chronological term 20th century
Source of heading or term SNKPHeng
650 07 - SUBJECT ADDED ENTRY--TOPICAL TERM
Topical term or geographic name entry element židovské ženy
Source of heading or term SNKPH
650 07 - SUBJECT ADDED ENTRY--TOPICAL TERM
Topical term or geographic name entry element nacisti
Source of heading or term SNKPH
650 07 - SUBJECT ADDED ENTRY--TOPICAL TERM
Topical term or geographic name entry element holokaust (1939-1945)
Source of heading or term SNKPH
650 07 - SUBJECT ADDED ENTRY--TOPICAL TERM
Topical term or geographic name entry element koncentračné tábory
Source of heading or term SNKPH
650 07 - SUBJECT ADDED ENTRY--TOPICAL TERM
Topical term or geographic name entry element druhá svetová vojna (1939-1945)
Source of heading or term SNKPH
650 07 - SUBJECT ADDED ENTRY--TOPICAL TERM
Topical term or geographic name entry element Jewish women
Source of heading or term SNKPHeng
650 07 - SUBJECT ADDED ENTRY--TOPICAL TERM
Topical term or geographic name entry element Nazis
Source of heading or term SNKPHeng
650 07 - SUBJECT ADDED ENTRY--TOPICAL TERM
Topical term or geographic name entry element Holocaust (1939-1945)
Source of heading or term SNKPHeng
650 07 - SUBJECT ADDED ENTRY--TOPICAL TERM
Topical term or geographic name entry element Concentration camps
Source of heading or term SNKPHeng
650 07 - SUBJECT ADDED ENTRY--TOPICAL TERM
Topical term or geographic name entry element World War (1939-1945)
Source of heading or term SNKPHeng
651 #7 - SUBJECT ADDED ENTRY--GEOGRAPHIC NAME
Geographic name Osvienčim (Poľsko)
Source of heading or term SNKPHgeo
651 #7 - SUBJECT ADDED ENTRY--GEOGRAPHIC NAME
Geographic name Slovensko
Source of heading or term SNKPHgeo
651 #7 - SUBJECT ADDED ENTRY--GEOGRAPHIC NAME
Geographic name Oświęcim (Poland)
Source of heading or term SNKPHeng
651 #7 - SUBJECT ADDED ENTRY--GEOGRAPHIC NAME
Geographic name Slovakia
Source of heading or term SNKPHeng
655 #7 - INDEX TERM--GENRE/FORM
Genre/form data or focus term americké romány
Source of term SNKPH
655 #7 - INDEX TERM--GENRE/FORM
Genre/form data or focus term historické romány
Source of term SNKPH
655 #7 - INDEX TERM--GENRE/FORM
Genre/form data or focus term biografické romány
Source of term SNKPH
655 #7 - INDEX TERM--GENRE/FORM
Genre/form data or focus term American novels
Source of term SNKPHeng
655 #7 - INDEX TERM--GENRE/FORM
Genre/form data or focus term Historical novels
Source of term SNKPHeng
655 #7 - INDEX TERM--GENRE/FORM
Genre/form data or focus term Biographical novels
Source of term SNKPHeng
700 1# - ADDED ENTRY--PERSONAL NAME
Personal name Andrezálová, Barbora
Relationship trl
942 ## - ADDED ENTRY ELEMENTS (KOHA)
Source of classification or shelving scheme Dewey Decimal Classification
Koha item type Krásna literatúra pre dospelých
Suppress in OPAC No
Holdings
Stav vyradenia Strata Poškodenie Spôsob nadobudnutia Domovská knižnica Aktuálna knižnica Dátum nadobudnutia Cena Total checkouts Čiarový kód exemplára Date last seen Typ exemplára
      Kúpa Obecná knižnica Horná Štubňa Obecná knižnica Horná Štubňa 14.05.2026 5.00   9788081643507 14.05.2026 Krásna literatúra pre dospelých
Projekt je podporený Slovenskou asociáciou knižníc
Prevádzkuje Turčianska knižnica Martin 2026